[Event "Wiesbaden op 31st"]
[Site "Wiesbaden"]
[Date "2019.08.24"]
[Round "5"]
[White "Seidel, Martin"]
[Black "Pioch, Thomas"]
[Result "1/2-1/2"]
[WhiteElo "1827"]
[BlackElo "2074"]
[PlyCount "45"]
[EventDate "2019.08.22"]
[EventType "swiss"]
[EventRounds "7"]
[EventCountry "GER"]
[SourceTitle "EXT 2020"]
[Source "ChessBase"]
[SourceDate "2019.10.17"]
[SourceVersion "1"]
[SourceVersionDate "2019.10.17"]
[SourceQuality "1"]

1. d4 e6 2. Nf3 Nf6 3. e3 b6 4. Nbd2 Bb7 5. Bd3 d5 6. 0-0 Nbd7 7. c4 Bd6 8. b3 0-0 9. Bb2 c5 10. Rc1 Qb8 11. Qe2 e5 12. dxe5 Nxe5 13. Nxe5 Bxe5 14. Bxe5 Qxe5 15. Nf3 Qh5 16. Nd2 Qxe2 17. Bxe2 Rad8 18. Rfd1 d4 19. exd4 Rxd4 20. Nf3 Bxf3 21. Rxd4 Bxe2 22. Rd2 Bg4 23. f3 1/2-1/2

[Event "Wiesbaden op 30th"]
[Site "Wiesbaden"]
[Date "2018.08.26"]
[Round "6"]
[White "Bremer, Vincent"]
[Black "Pioch, Thomas"]
[Result "1/2-1/2"]
[WhiteElo "1968"]
[BlackElo "2110"]
[PlyCount "56"]
[EventDate "2018.08.23"]
[EventType "swiss"]
[EventRounds "7"]
[EventCountry "GER"]
[SourceTitle "CBM 186 Extra"]
[Source "ChessBase"]
[SourceDate "2018.08.24"]
[SourceVersion "1"]
[SourceVersionDate "2018.08.24"]
[SourceQuality "1"]

1. c4 e6 2. g3 d5 3. cxd5 exd5 4. Bg2 Nf6 5. d3 c6 6. Nf3 Bd6 7. 0-0 0-0 8. b3 Bg4 9. Bb2 Nbd7 10. Nbd2 Qe7 11. Re1 Ba3 12. Qc2 Bxb2 13. Qxb2 Rfe8 14. Rac1 Rad8 15. b4 Ne5 16. Nxe5 Qxe5 17. Qxe5 Rxe5 18. e3 Re7 19. Nf3 Bxf3 20. Bxf3 h5 21. h4 d4 22. e4 g6 23. Be2 Rc7 24. f4 Nd7 25. g4 hxg4 26. Bxg4 Nf6 27. Bf3 Kg7 28. Kf2 Rb8 1/2-1/2

[Event "Wiesbaden op 27th"]
[Site "Wiesbaden"]
[Date "2015.08.29"]
[Round "4"]
[White "Pioch, Thomas"]
[Black "Modric, Vladimir"]
[Result "1/2-1/2"]
[WhiteElo "2157"]
[BlackElo "1911"]
[PlyCount "24"]
[EventDate "2015.08.27"]
[EventType "swiss"]
[EventRounds "7"]
[EventCountry "GER"]
[SourceTitle "EXT 2016"]
[Source "ChessBase"]
[SourceDate "2015.10.08"]
[SourceVersion "1"]
[SourceVersionDate "2015.10.08"]
[SourceQuality "1"]

1. Nf3 e6 2. g3 f5 3. Bg2 Nf6 4. d3 Be7 5. Nbd2 d6 6. e4 e5 7. exf5 Bxf5 8. Nh4 Bc8 9. 0-0 0-0 10. Nc4 Nc6 11. c3 Be6 12. b4 Qd7 1/2-1/2

[Event "Wiesbaden op 27th"]
[Site "Wiesbaden"]
[Date "2015.08.29"]
[Round "5"]
[White "Rochau, Normen"]
[Black "Pioch, Thomas"]
[Result "0-1"]
[WhiteElo "1917"]
[BlackElo "2157"]
[PlyCount "42"]
[EventDate "2015.08.27"]
[EventType "swiss"]
[EventRounds "7"]
[EventCountry "GER"]
[SourceTitle "EXT 2016"]
[Source "ChessBase"]
[SourceDate "2015.10.08"]
[SourceVersion "1"]
[SourceVersionDate "2015.10.08"]
[SourceQuality "1"]

1. e4 e6 2. d4 d5 3. Nd2 Nf6 4. e5 Nfd7 5. Bd3 c5 6. c3 Nc6 7. Ne2 cxd4 8. cxd4 f6 9. Nf4 Nxd4 10. Qh5+ Ke7 11. Ng6+ hxg6 12. Qxh8 Nxe5 13. Bb1 Kf7 14. 0-0 Bd7 15. Qh4 Bc5 16. b4 Ne2+ 17. Kh1 Bd4 18. Nb3 Bxa1 19. Nxa1 Qh8 20. Qxh8 Rxh8 21. h4 Rxh4# 0-1

[Event "Wiesbaden op 26th"]
[Site "Wiesbaden"]
[Date "2014.08.31"]
[Round "7"]
[White "Pioch, Thomas"]
[Black "Everett, Elijah David"]
[Result "1-0"]
[WhiteElo "2160"]
[BlackElo "2049"]
[PlyCount "49"]
[EventDate "2014.08.28"]
[EventType "swiss"]
[EventRounds "7"]
[EventCountry "GER"]
[SourceTitle "CBM 162 Extra"]
[Source "ChessBase"]
[SourceDate "2014.10.17"]
[SourceVersion "1"]
[SourceVersionDate "2014.10.17"]
[SourceQuality "1"]

1. e4 c5 2. Nf3 d6 3. d4 cxd4 4. Nxd4 Nf6 5. Nc3 a6 6. f4 e5 7. Nf3 Nbd7 8. Bd3 Be7 9. 0-0 b5 10. fxe5 dxe5 11. Kh1 Bb7 12. Qe2 0-0 13. a3 Rc8 14. Bd2 Qc7 15. Nh4 Nb6 16. Nf5 Bd8 17. Qf2 Ne8 18. Qg3 Kh8 19. Nd1 Nc4 20. Bb4 Rg8 21. b3 Na5 22. Nde3 f6 23. Rf3 Nc6 24. Qg6 hxg6 25. Rh3# 1-0

[Event "Wiesbaden op 25th"]
[Site "Wiesbaden"]
[Date "2013.08.24"]
[Round "5"]
[White "Pioch, Thomas"]
[Black "Kuhn, Gerhard"]
[Result "1/2-1/2"]
[WhiteElo "2172"]
[BlackElo "1996"]
[PlyCount "32"]
[EventDate "2013.08.22"]
[EventType "swiss"]
[EventRounds "7"]
[EventCountry "GER"]
[SourceTitle "EXT 2014"]
[Source "ChessBase"]
[SourceDate "2013.11.20"]
[SourceVersion "1"]
[SourceVersionDate "2013.11.20"]
[SourceQuality "1"]

1. e4 c6 2. d4 d5 3. Nc3 dxe4 4. Nxe4 Bf5 5. Ng3 Bg6 6. Bc4 e6 7. N1e2 Bd6 8. Bf4 Nf6 9. 0-0 0-0 10. c3 Qc7 11. Bxd6 Qxd6 12. Qd2 c5 13. Rad1 Rd8 14. Qg5 Nc6 15. Qxc5 Qxc5 16. dxc5 Ne5 1/2-1/2

[Event "Wiesbaden op 24th"]
[Site "Wiesbaden"]
[Date "2012.08.26"]
[Round "6"]
[White "Kobs, Stephan"]
[Black "Pioch, Thomas"]
[Result "1/2-1/2"]
[WhiteElo "2019"]
[BlackElo "2183"]
[PlyCount "28"]
[EventDate "2012.08.23"]
[EventType "swiss"]
[EventRounds "7"]
[EventCountry "GER"]
[SourceTitle "CBM 150 Extra"]
[Source "ChessBase"]
[SourceDate "2012.10.19"]
[SourceVersion "1"]
[SourceVersionDate "2012.10.19"]
[SourceQuality "1"]

1. e4 e6 2. d4 d5 3. Nc3 Bb4 4. a3 Bxc3+ 5. bxc3 dxe4 6. f3 e3 7. Bxe3 Nf6 8. Qd2 b6 9. Bb5+ c6 10. Bd3 Ba6 11. Bxa6 Nxa6 12. Ne2 Nc7 13. 0-0 Qd7 14. Rfd1 0-0 1/2-1/2

[Event "Wiesbaden op 24th"]
[Site "Wiesbaden"]
[Date "2012.08.26"]
[Round "7"]
[White "Pioch, Thomas"]
[Black "Muuss, Klaus"]
[Result "1-0"]
[WhiteElo "2183"]
[BlackElo "2010"]
[PlyCount "83"]
[EventDate "2012.08.23"]
[EventType "swiss"]
[EventRounds "7"]
[EventCountry "GER"]
[SourceTitle "CBM 150 Extra"]
[Source "ChessBase"]
[SourceDate "2012.10.19"]
[SourceVersion "1"]
[SourceVersionDate "2012.10.19"]
[SourceQuality "1"]

1. Nf3 c5 2. g3 d5 3. Bg2 Nf6 4. d3 Nc6 5. Nbd2 g6 6. 0-0 Bg7 7. e4 dxe4 8. dxe4 0-0 9. c3 Qc7 10. Qc2 e5 11. a4 a5 12. Nc4 Be6 13. Nfd2 Rad8 14. f4 Ne8 15. f5 Bxc4 16. Nxc4 f6 17. Ne3 Ne7 18. Qb3+ Kh8 19. fxg6 hxg6 20. Qe6 Qd7 21. Qxd7 Rxd7 22. Nc4 Nd6 23. Rd1 Rfd8 24. Bh3 f5 25. Nb6 Rc7 26. Bg5 Nf7 27. Rxd8+ Nxd8 28. Rd1 Nf7 29. Bxe7 Rxe7 30. exf5 gxf5 31. Bxf5 Bh6 32. Nd5 Re8 33. Bg6 Kg7 34. Bxf7 Kxf7 35. Kf2 Rf8 36. Ke2 Ke6 37. Nb6 Bg5 38. Nc4 Bd8 39. Rd6+ Kf5 40. Rd5 b6 41. Rxe5+ Kg4 42. Ne3+ 1-0

[Event "Wiesbaden op 23rd"]
[Site "Wiesbaden"]
[Date "2011.08.26"]
[Round "2"]
[White "Dehning Busse, Karsten"]
[Black "Pioch, Thomas"]
[Result "1/2-1/2"]
[WhiteElo "1828"]
[BlackElo "2216"]
[PlyCount "29"]
[EventDate "2011.08.25"]
[EventType "swiss"]
[EventRounds "7"]
[EventCountry "GER"]
[SourceTitle "CBM 144 Extra"]
[Source "ChessBase"]
[SourceDate "2011.10.28"]
[SourceVersion "1"]
[SourceVersionDate "2011.10.28"]
[SourceQuality "1"]

1. d4 e6 2. e4 d5 3. Nc3 Bb4 4. exd5 exd5 5. Bd3 Nc6 6. a3 Bxc3+ 7. bxc3 Nf6 8. Ne2 0-0 9. 0-0 Na5 10. Ng3 Re8 11. Bg5 Qd6 12. Bxf6 Qxf6 13. Qh5 g6 14. Qxd5 Nc6 15. f4 1/2-1/2

[Event "Wiesbaden op 23rd"]
[Site "Wiesbaden"]
[Date "2011.08.25"]
[Round "1"]
[White "Pioch, Thomas"]
[Black "Lanz, Udo"]
[Result "1/2-1/2"]
[WhiteElo "2216"]
[BlackElo "1845"]
[PlyCount "32"]
[EventDate "2011.08.25"]
[EventType "swiss"]
[EventRounds "7"]
[EventCountry "GER"]
[SourceTitle "CBM 144 Extra"]
[Source "ChessBase"]
[SourceDate "2011.10.28"]
[SourceVersion "1"]
[SourceVersionDate "2011.10.28"]
[SourceQuality "1"]

1. e4 e5 2. Nf3 Nc6 3. Bb5 Bc5 4. c3 Nf6 5. Qe2 0-0 6. d3 d6 7. 0-0 h6 8. a4 a6 9. Bc4 Bg4 10. b4 Bb6 11. Be3 Ne7 12. h3 Be6 13. Bxe6 fxe6 14. Nbd2 Ng6 15. Nc4 Bxe3 16. fxe3 b5 1/2-1/2

[Event "Eupen op rapid"]
[Site "Eupen"]
[Date "2000.04.16"]
[Round "5"]
[White "Stumer, Paul"]
[Black "Pioch, Thomas"]
[Result "0-1"]
[WhiteElo "2145"]
[BlackElo "2228"]
[PlyCount "75"]
[EventDate "2000.04.??"]
[EventType "swiss (rapid)"]
[EventRounds "7"]
[EventCountry "BEL"]
[SourceTitle "EXT 2006"]
[Source "ChessBase"]
[SourceDate "2005.11.24"]
[SourceVersion "1"]
[SourceVersionDate "2005.11.24"]
[SourceQuality "1"]

1. Nf3 Nf6 2. g3 g6 3. Bg2 Bg7 4. 0-0 0-0 5. d4 d6 6. c4 Nbd7 7. Nc3 e5 8. e4 c6 9. h3 Qb6 10. Rb1 exd4 11. Nxd4 Ng4 12. Nde2 Nge5 13. b3 Nc5 14. Be3 Qc7 15. f4 Ned7 16. Qd2 Re8 17. Rbd1 f5 18. exf5 gxf5 19. b4 Ne4 20. Nxe4 fxe4 21. g4 Nb6 22. Qc2 Be6 23. f5 Nxc4 24. Bc1 Bf7 25. f6 Bf8 26. Qc3 d5 27. a3 a5 28. bxa5 Rxa5 29. Bf4 Qb6+ 30. Kh1 Rxa3 31. Qc1 Qb2 32. Qxb2 Nxb2 33. Rb1 Nd3 34. Rxb7 Nxf4 35. Nxf4 d4 36. Re1 Bd6 37. Nh5 Re3 38. Rd1 0-1

[Event "Oberliga Sued W 9798"]
[Site "Germany"]
[Date "1998.??.??"]
[Round "?"]
[White "Pioch, Thomas"]
[Black "Niklasch, Oliver"]
[Result "1/2-1/2"]
[WhiteElo "2230"]
[BlackElo "2345"]
[PlyCount "98"]
[EventDate "1997.10.??"]
[EventType "team"]
[EventRounds "9"]
[EventCountry "GER"]
[SourceTitle "EXT 2000"]
[Source "ChessBase"]
[SourceDate "1999.11.16"]
[SourceVersion "1"]
[SourceVersionDate "1999.11.16"]
[SourceQuality "1"]

1. e4 c5 2. Nf3 e6 3. d3 Nc6 4. g3 d5 5. Nbd2 Nf6 6. Bg2 Be7 7. 0-0 0-0 8. Re1 b5 9. e5 Nd7 10. Nf1 b4 11. h4 a5 12. N1h2 Ba6 13. h5 a4 14. h6 g6 15. a3 bxa3 16. bxa3 Nb6 17. Ng4 d4 18. Nd2 Rc8 19. Ne4 Nd5 20. Qf3 c4 21. Bd2 Kh8 22. Rab1 Rb8 23. Rxb8 Qxb8 24. dxc4 Bxc4 25. Nd6 Bxd6 26. exd6 f5 27. Nh2 Qxd6 28. Bg5 e5 29. Bc1 e4 30. Qd1 Rb8 31. Qd2 Qc5 32. g4 e3 33. fxe3 dxe3 34. Rxe3 f4 35. Bxd5 Bxd5 36. Qf2 Qd4 37. Re1 Qxf2+ 38. Kxf2 g5 39. Rd1 Be4 40. Rd6 Kg8 41. Nf3 Bxf3 42. Kxf3 Ne5+ 43. Ke4 Re8 44. Kf5 f3 45. Rd1 f2 46. Rf1 Nc6 47. Bxg5 Nd4+ 48. Kf4 Ne6+ 49. Kf5 Nd4+ 1/2-1/2

[Event "Politiken Cup 17th"]
[Site "Copenhagen"]
[Date "1995.??.??"]
[Round "3"]
[White "Bjerring, Kai"]
[Black "Pioch, Thomas"]
[Result "1/2-1/2"]
[WhiteElo "2370"]
[BlackElo "2220"]
[PlyCount "35"]
[EventDate "1995.06.??"]
[EventType "swiss"]
[EventRounds "10"]
[EventCountry "DEN"]
[SourceTitle "CBM 047 Extra"]
[Source "ChessBase"]
[SourceDate "1995.09.01"]
[SourceVersion "1"]
[SourceVersionDate "1995.09.01"]
[SourceQuality "1"]

1. e4 e5 2. Nf3 Nc6 3. Bb5 a6 4. Ba4 Nf6 5. 0-0 Be7 6. Re1 b5 7. Bb3 d6 8. c3 0-0 9. h3 Bb7 10. d4 Na5 11. Bc2 Nc4 12. Nbd2 Nxd2 13. Bxd2 Nd7 14. Nh2 Bg5 15. Qc1 Bxd2 16. Qxd2 Re8 17. Rad1 Qh4 18. f3 1/2-1/2

[Event "Oberliga Ost-C 9495"]
[Site "Germany"]
[Date "1995.??.??"]
[Round "?"]
[White "Pioch, Thomas"]
[Black "Gerber, Peter"]
[Result "1/2-1/2"]
[WhiteElo "2220"]
[BlackElo "2240"]
[PlyCount "31"]
[EventDate "1994.10.??"]
[EventType "team"]
[EventRounds "9"]
[EventCountry "GER"]
[SourceTitle "GER"]
[Source "ChessBase"]
[SourceDate "1999.07.01"]
[SourceVersion "1"]
[SourceVersionDate "1999.07.01"]
[SourceQuality "1"]

1. e4 c5 2. Nf3 d6 3. d4 cxd4 4. Nxd4 Nf6 5. Nc3 a6 6. f4 e6 7. Be2 Qc7 8. 0-0 Be7 9. Kh1 0-0 10. Be3 Nbd7 11. a4 b6 12. Bf3 Bb7 13. Bf2 Rfe8 14. Bg3 e5 15. Nf5 Bf8 16. fxe5 1/2-1/2

[Event "Politiken Cup 17th"]
[Site "Copenhagen"]
[Date "1995.??.??"]
[Round "4"]
[White "Pioch, Thomas"]
[Black "Pedersen, Steffen"]
[Result "1/2-1/2"]
[WhiteElo "2220"]
[BlackElo "2400"]
[PlyCount "42"]
[EventDate "1995.06.??"]
[EventType "swiss"]
[EventRounds "10"]
[EventCountry "DEN"]
[SourceTitle "CBM 047 Extra"]
[Source "ChessBase"]
[SourceDate "1995.09.01"]
[SourceVersion "1"]
[SourceVersionDate "1995.09.01"]
[SourceQuality "1"]

1. e4 c5 2. Nf3 d6 3. d4 cxd4 4. Nxd4 Nf6 5. Nc3 a6 6. f4 e5 7. Nf3 Nbd7 8. Bd3 Be7 9. 0-0 0-0 10. Kh1 b5 11. a3 Bb7 12. fxe5 dxe5 13. Qe2 Re8 14. Nh4 Nc5 15. Nf5 Ne6 16. Nxe7+ Qxe7 17. Bd2 Rad8 18. Rad1 g6 19. Nxb5 Rxd3 20. Qxd3 Nxe4 21. Nc3 Nxc3 1/2-1/2

[Event "Politiken Cup 17th"]
[Site "Copenhagen"]
[Date "1995.??.??"]
[Round "7"]
[White "Pioch, Thomas"]
[Black "Sobjerg, Erik"]
[Result "1/2-1/2"]
[WhiteElo "2220"]
[BlackElo "2275"]
[PlyCount "42"]
[EventDate "1995.06.??"]
[EventType "swiss"]
[EventRounds "10"]
[EventCountry "DEN"]
[SourceTitle "CBM 047 Extra"]
[Source "ChessBase"]
[SourceDate "1995.09.01"]
[SourceVersion "1"]
[SourceVersionDate "1995.09.01"]
[SourceQuality "1"]

1. e4 e5 2. Nf3 Nc6 3. Bb5 f5 4. Nc3 fxe4 5. Nxe4 Nf6 6. Qe2 d5 7. Nxf6+ gxf6 8. d4 Bg7 9. dxe5 0-0 10. e6 Ne5 11. 0-0 c6 12. Bd3 Bxe6 13. Nd4 Bg4 14. f3 Nxd3 15. fxg4 Nxc1 16. Raxc1 Qb6 17. c3 Rae8 18. Qf2 Re4 19. h3 Bh6 20. Rce1 Rf4 21. Qe2 Re4 1/2-1/2